Vsadili na domáce suroviny Na zvýšenie spotreby mlieka sú spracovatelia pripravení

Vytvorenie a.s. Senická mliekáreň v Senici na Myjavou. Výroba mlieka a mliekarenských produktov v podniku.

Salvato in:
Dettagli Bibliografici
Autore principale: Potančok, Milan
Natura: Capitolo di libro
Lingua:slovacco
Soggetti:
Tags: Aggiungi Tag
Nessun Tag, puoi essere il primo ad aggiungerne!!

MARC

LEADER 00000naa a2200000 4500
001 r016430
005 20221213114302.5
041 0 |a slo 
044 |a SK 
245 1 0 |a Vsadili na domáce suroviny  |b Na zvýšenie spotreby mlieka sú spracovatelia pripravení  |c M. Potančok 
520 |a Vytvorenie a.s. Senická mliekáreň v Senici na Myjavou. Výroba mlieka a mliekarenských produktov v podniku. 
610 2 0 |a Senická mliekáreň, a.s. Senica 
610 2 0 |a mlieko 
610 2 0 |a priemysel mliekarský 
610 2 0 |a potravinárstvo 
100 1 |a Potančok, Milan